000 00738nam a2200253Ia 4500
003 OSt
005 20221005064823.0
006 a|||||r|||| 00| 0
007 ta
008 221004b |||||||| |||| 00| 0 eng d
020 _a9781405102063 (hbk)
_c3240.37
024 _a89509
037 _b25201, 24/03/2008, Segment Book Distributors
_cTextual
040 _aCRL
_cCRL
_beng
041 _2eng
_aeng
082 _aV4, P8
100 _aSpivak Gayatri Chakravorty
245 0 _aOther Asias
260 _aMalden
_bBlackwell USA
_c2008
300 _a366p.
_ccm.
650 _aHISTORY
942 _hV4, P8
_cTEXL
_2cc
999 _c973660
_d973660